[Event "BayJEM19 - U14w"]
[Site "?"]
[Date "2019.04.25"]
[Round "5.5"]
[White "Karlinger De la Quintana, Ainhoa"]
[Black "Racky, Selina"]
[Result "0-1"]
[WhiteElo "1495"]
[BlackElo "1156"]
[PlyCount "94"]
[EventDate "2019.??.??"]
[WhiteTeam "SC Ammersee"]
[BlackTeam "SK Wasserburg"]

1. b4 Nf6 2. Bb2 e5 3. a3 d6 4. e3 Be6 5. Nf3 Nbd7 6. c4 c5 7. b5 g6 8. Be2 Bg7
9. O-O O-O 10. d4 Qc7 11. d5 Bf5 12. Nh4 Nb6 13. Nxf5 gxf5 14. Qc2 Qd7 15. Nd2
Rfe8 16. e4 f4 17. Nf3 Kf8 18. Nh4 Bh8 19. g3 Qh3 20. Bf3 Ke7 21. Nf5+ Kd7 22.
Bg2 Qh5 23. Qd1 Qxd1 24. Raxd1 Nxc4 25. Bc1 fxg3 26. fxg3 a6 27. Bh3 Kc7 28.
Bg5 Nxe4 29. Bc1 axb5 30. Ne3 Nxe3 31. Rxf7+ Kb6 32. Bxe3 Rxa3 33. Bc1 Ra2 34.
Bd7 Rd8 35. Bf5 Nc3 36. Re1 Nxd5 37. Be6 Kc6 38. Rd1 Nc3 39. Bxa2 Nxd1 40. Rf3
b4 41. Bb3 Nc3 42. Kf1 Ra8 43. Bb2 e4 44. Rf5 b5 45. Bxc3 bxc3 46. Bd5+ Kb6 47.
Bxa8 c2 0-1

[Event "BayJEM19 - U14w"]
[Site "?"]
[Date "2019.04.25"]
[Round "5.6"]
[White "Röll, Lea"]
[Black "Muhina, Liana"]
[Result "1/2-1/2"]
[WhiteElo "1063"]
[BlackElo "1291"]
[PlyCount "49"]
[EventDate "2019.??.??"]
[WhiteTeam "Schach-Club Vaterstetten-Grasbru"]
[BlackTeam "SC Garching 1980 e.V."]

1. d4 d5 2. e3 e6 3. Bd2 Nf6 4. c4 Nbd7 5. cxd5 exd5 6. Nc3 g6 7. Nf3 Bg7 8.
Bd3 O-O 9. O-O Re8 10. Qb3 Ne4 11. Nxd5 Nxd2 12. Nxd2 Nf6 13. Nf4 b6 14. Rac1
Bb7 15. Rc3 c5 16. dxc5 Nd5 17. Rc2 Qg5 18. g3 Nxf4 19. exf4 Qh5 20. c6 Bc8 21.
Be4 Bf5 22. Bxf5 Qxf5 23. Rfc1 Rac8 24. Nc4 Rxc6 25. Ne5 1/2-1/2

[Event "BayJEM19 - U14w"]
[Site "?"]
[Date "2019.04.25"]
[Round "5.7"]
[White "Gao, Yina"]
[Black "Krause, Ricarda Sophie"]
[Result "1/2-1/2"]
[WhiteElo "1228"]
[BlackElo "1301"]
[PlyCount "73"]
[EventDate "2019.??.??"]
[WhiteTeam "Schachfreunde Sailauf"]
[BlackTeam "SC Erlangen 48/88"]

1. d4 d5 2. c4 e6 3. Nc3 Nf6 4. e3 c5 5. Nf3 cxd4 6. exd4 Nc6 7. c5 Qe7 8. Bb5
Bd7 9. O-O a6 10. Bxc6 Bxc6 11. Ne5 Qc7 12. Nxc6 bxc6 13. b4 Be7 14. a3 O-O 15.
Qf3 Rfe8 16. Bf4 Qb7 17. Bg5 a5 18. bxa5 Rxa5 19. Rfb1 Qa6 20. a4 Qc4 21. Qe3
Ng4 22. Qg3 Bxg5 23. Qxg4 Qxc3 24. Qxg5 Qxd4 25. Qe7 Rea8 26. Qc7 h6 27. Qxc6
Qxc5 28. Qxc5 Rxc5 29. Ra2 Rca5 30. Rba1 Kf8 31. Kf1 Ke7 32. Ke2 Kd6 33. Kd3
Rc8 34. Rc2 Rxc2 35. Kxc2 Kc5 36. Kc3 e5 37. f3 1/2-1/2

[Event "BayJEM19 - U14w"]
[Site "?"]
[Date "2019.04.25"]
[Round "5.8"]
[White "Wahl, Svenja"]
[Black "Albayrak, Melissa"]
[Result "1/2-1/2"]
[WhiteElo "899"]
[BlackElo "1111"]
[PlyCount "136"]
[EventDate "2019.??.??"]
[WhiteTeam "Aschaffenburg- Schweinheim e.V."]
[BlackTeam "Spvg Zabo-Eintracht Nürnberg e.V"]

1. e4 e5 2. Nf3 Nc6 3. Bc4 Bc5 4. d3 d6 5. Nc3 Bg4 6. h3 Bxf3 7. Qxf3 Nf6 8.
Bg5 Nd4 9. Qd1 h6 10. Bxf6 Qxf6 11. O-O O-O 12. Nd5 Qd8 13. c3 Nc6 14. b4 Bb6
15. a4 a6 16. a5 Ba7 17. Qe2 Re8 18. Qf3 Rf8 19. Rfd1 b5 20. axb6 Bxb6 21. Nxb6
cxb6 22. Bd5 Qc7 23. Re1 Ra7 24. Re3 Ne7 25. c4 Nxd5 26. exd5 b5 27. cxb5 axb5
28. Rxa7 Qxa7 29. Re1 Qa3 30. Qe3 Qxb4 31. Qe4 Qc3 32. Kf1 b4 33. Qc4 Rc8 34.
Qxc3 bxc3 35. Rc1 c2 36. Ke2 Rc5 37. Ke3 Rxd5 38. Rxc2 f5 39. Rd2 Rd4 40. f4
Rxf4 41. g3 Rd4 42. Rf2 g6 43. Rf1 d5 44. Rc1 Kf7 45. Rc7+ Kf6 46. Rc6+ Kg5 47.
Re6 Ra4 48. Rxe5 d4+ 49. Kf3 h5 50. Re6 Ra3 51. h4+ Kh6 52. Ke2 Ra2+ 53. Kf3
Ra3 54. Ke2 Ra2+ 55. Kf3 Ra1 56. Ke2 Rg1 57. Kf2 Rh1 58. Rd6 Rh2+ 59. Kf3 Rc2
60. Rxd4 Rc6 61. Rc4 Rd6 62. d4 g5 63. hxg5+ Kxg5 64. Rb4 Rd5 65. Rc4 Rd6 66.
Rb4 Rd5 67. Rc4 Rd6 68. Rb4 Rd5 1/2-1/2

[Event "BayJEM19 - U14w"]
[Site "?"]
[Date "2019.04.25"]
[Round "5.9"]
[White "Frowein, Katja"]
[Black "Erdösi, Anna"]
[Result "1/2-1/2"]
[WhiteElo "1129"]
[BlackElo "1376"]
[PlyCount "157"]
[EventDate "2019.??.??"]
[WhiteTeam "SC Garching 1980 e.V."]
[BlackTeam "TV Tegernsee"]

1. e4 c5 2. d4 cxd4 3. c3 Nc6 4. cxd4 d6 5. Nc3 Nf6 6. Nf3 g6 7. Bc4 Bg7 8. O-O
Bg4 9. d5 Bxf3 10. Qxf3 Ne5 11. Bb5+ Ned7 12. Qe2 O-O 13. Rd1 Rc8 14. Bf4 Nh5
15. Qg4 Bxc3 16. Bxd7 Nf6 17. Qf3 Qxd7 18. bxc3 Qc7 19. Rdc1 Qc4 20. Bxd6 Nxe4
21. Bxe7 Nxc3 22. Rxc3 Qxc3 23. Qxc3 Rxc3 24. Bxf8 Kxf8 25. Rd1 Ke7 26. d6+ Kd7
27. Kf1 Rc6 28. Rb1 b6 29. a4 Kxd6 30. a5 Kc7 31. a6 Rc5 32. Re1 Kd6 33. Re8
Rc7 34. g4 b5 35. Rf8 Kc6 36. Rh8 Kb6 37. Rxh7 Kxa6 38. f4 b4 39. Rh3 Rc1+ 40.
Ke2 Rc2+ 41. Kd1 Rc4 42. f5 Rxg4 43. fxg6 Rxg6 44. Kc2 Kb6 45. Rf3 f6 46. h4 a5
47. Kb3 Rh6 48. Rf4 Rg6 49. Ka4 Rg3 50. Rxf6+ Kc5 51. Rf5+ Kb6 52. Rf6+ Kc5 53.
Rf5+ Kc4 54. Rf4+ Kc3 55. h5 b3 56. h6 b2 57. h7 Rh3 58. Rf3+ Kc2 59. Rxh3 b1=Q
60. Rh2+ Kd3 61. Rh3+ Ke2 62. Rh2+ Kf3 63. Rh3+ Kg4 64. Rh4+ Kg3 65. h8=Q Qa2+
66. Kb5 Qb3+ 67. Kc5 Qc2+ 68. Kd5 Qf5+ 69. Kc4 Qc2+ 70. Kd4 Qa4+ 71. Kd5 Qxh4
72. Qc3+ Kg4 73. Qd4+ Kh3 74. Qd3+ Qg3 75. Qf1+ Qg2+ 76. Qxg2+ Kxg2 77. Kc4 a4
78. Kb4 a3 79. Kxa3 1/2-1/2

[Event "BayJEM19 - U14w"]
[Site "?"]
[Date "2019.04.25"]
[Round "6.1"]
[White "Albayrak, Nese Pinar"]
[Black "Alferova, Emily"]
[Result "1/2-1/2"]
[WhiteElo "1624"]
[BlackElo "1328"]
[PlyCount "57"]
[EventDate "2019.??.??"]
[WhiteTeam "Spvg Zabo-Eintracht Nürnberg e.V"]
[BlackTeam "SAbt TuS Fürstenfeldbruck"]

1. e4 e5 2. Nf3 Nc6 3. Bb5 a6 4. Ba4 b5 5. Bb3 Nf6 6. O-O Be7 7. Re1 O-O 8. c3
Bb7 9. d4 exd4 10. cxd4 Na5 11. Bc2 d6 12. Bg5 Qd7 13. Qd3 g6 14. Nbd2 Rfe8 15.
Re2 Nh5 16. Be3 Bf6 17. Rae1 Bg7 18. e5 Bxf3 19. Nxf3 Nc4 20. b3 Nb6 21. exd6
Nd5 22. dxc7 Qxc7 23. Bf4 Qd7 24. Rxe8+ Rxe8 25. Rxe8+ Qxe8 26. Be5 Qc6 27.
Bxg7 Kxg7 28. Ne5 Qc7 29. a3 1/2-1/2

[Event "BayJEM19 - U14w"]
[Site "?"]
[Date "2019.04.25"]
[Round "6.2"]
[White "Racky, Selina"]
[Black "Adelhardt, Lisa"]
[Result "0-1"]
[WhiteElo "1156"]
[BlackElo "1658"]
[PlyCount "90"]
[EventDate "2019.??.??"]
[WhiteTeam "SK Wasserburg"]
[BlackTeam "Schachtreff Röttenbach e.V."]

1. e4 e5 2. Nf3 Nc6 3. Bc4 Bc5 4. d3 Nf6 5. O-O d6 6. h3 h6 7. Re1 O-O 8. Nbd2
a6 9. a4 Re8 10. Nf1 Be6 11. Be3 Bxc4 12. Bxc5 Bxd3 13. cxd3 dxc5 14. Qc2 b6
15. Rac1 Nb4 16. Qb3 Qxd3 17. Rc3 Qd6 18. N1d2 Qe7 19. Rec1 a5 20. Rd1 Rad8 21.
Nc4 Rxd1+ 22. Qxd1 Rd8 23. Qe1 Nc6 24. Rc1 Rd4 25. Nxd4 cxd4 26. Nxb6 Nb4 27.
Qe2 cxb6 28. Qb5 Qb7 29. Qxe5 Nd3 30. Qc7 Qxc7 31. Rxc7 Nxb2 32. Rc8+ Kh7 33.
Rd8 Nxe4 34. Rxd4 Nc5 35. Rf4 f6 36. Kf1 Nbxa4 37. Ke2 b5 38. Kd2 b4 39. Kc2
b3+ 40. Kb1 Nc3+ 41. Ka1 b2+ 42. Kxb2 Nd3+ 43. Kxc3 Nxf4 44. Kb3 Nxg2 45. Ka4
Nf4 0-1

[Event "BayJEM19 - U14w"]
[Site "?"]
[Date "2019.04.25"]
[Round "6.3"]
[White "Nguyen, Anna Ha Chuc An"]
[Black "Müller, Alina"]
[Result "0-1"]
[WhiteElo "1260"]
[BlackElo "1337"]
[PlyCount "160"]
[EventDate "2019.??.??"]
[WhiteTeam "SC Moosburg 1956 e.V."]
[BlackTeam "SC Windischeschenbach"]

1. d4 d6 2. c4 Nf6 3. Nc3 Nbd7 4. e4 e5 5. d5 Be7 6. Nf3 O-O 7. Bd3 Nc5 8. Be2
Ncxe4 9. Nxe4 Nxe4 10. O-O Nc5 11. b4 Nd7 12. Be3 Re8 13. Bd3 Bf6 14. Be4 Be7
15. Nd2 Bg5 16. Qf3 Qf6 17. Qh5 Bh6 18. Bxh6 Qxh6 19. Qxh6 gxh6 20. Rfe1 Nf6
21. Bd3 Kh8 22. Re2 Rg8 23. Re3 Bd7 24. Rf3 Kg7 25. Bf5 Bxf5 26. Rxf5 Kg6 27.
Rf3 Nh5 28. Re1 f5 29. Rh3 Nf4 30. Rf3 Kf6 31. Rg3 Rg5 32. Nf3 Rxg3 33. hxg3
Nd3 34. Rb1 e4 35. Nd4 f4 36. gxf4 Nxf4 37. g3 Ng6 38. Re1 Re8 39. Ne6 Ke5 40.
f3 Kf6 41. Rxe4 c6 42. Kg2 Ne5 43. Nf4 Rc8 44. Rd4 cxd5 45. Nxd5+ Ke6 46. Ne3
b6 47. f4 Nc6 48. Re4+ Kd7 49. a3 Re8 50. Rxe8 Kxe8 51. Nf5 a5 52. b5 Ne7 53.
Nxe7 Kxe7 54. f5 Kf6 55. g4 h5 56. Kg3 hxg4 57. Kxg4 h5+ 58. Kf4 h4 59. Kg4 h3
60. Kxh3 Kxf5 61. Kg3 Ke4 62. Kf2 Kd3 63. c5 dxc5 64. Ke1 Kc2 65. Ke2 Kb3 66.
Kd3 c4+ 67. Kd2 Kb2 68. Ke3 c3 69. Ke4 c2 70. Kd5 c1=Q 71. Kd6 Qc5+ 72. Ke6
Qxb5 73. Kf6 Kc3 74. Ke6 Kd4 75. Kf6 Qe5+ 76. Kf7 Qd6 77. Ke8 Qc7 78. Kf8 Ke5
79. Kg8 Kf6 80. Kh8 Qg7# 0-1

[Event "BayJEM19 - U14w"]
[Site "?"]
[Date "2019.04.25"]
[Round "6.4"]
[White "Gubler, Katharina"]
[Black "Reifschneider, Melissa"]
[Result "0-1"]
[WhiteElo "1191"]
[BlackElo "1325"]
[PlyCount "120"]
[EventDate "2019.??.??"]
[WhiteTeam "TSV Kareth-Lappersdorf"]
[BlackTeam "TSV Bindlach Aktionär"]

1. e4 e5 2. Nf3 Nc6 3. Bc4 Bc5 4. Nc3 d6 5. d3 Nf6 6. a3 Bg4 7. h3 Be6 8. Nd5
Nd4 9. c3 Nxf3+ 10. Qxf3 Nxd5 11. exd5 Bd7 12. O-O Qf6 13. Qe4 Qg6 14. Qh4 f6
15. Re1 O-O-O 16. b4 Bb6 17. a4 c6 18. a5 Bc7 19. Be3 cxd5 20. Bxd5 a6 21. Bb6
Bxb6 22. axb6 Qxd3 23. Qc4+ Qxc4 24. Bxc4 Bc6 25. Be6+ Kb8 26. Ra5 d5 27. Rea1
Rd6 28. Bg4 Bb5 29. Rd1 Rhd8 30. Ra2 Rxb6 31. f3 Rc6 32. Ra3 d4 33. Kf2 Rcd6
34. cxd4 Rxd4 35. Rc1 Bd3 36. Rd1 f5 37. Rdxd3 Rxd3 38. Rxd3 Rxd3 39. Bxf5 Rb3
40. Bxh7 Rxb4 41. Ke3 a5 42. g3 a4 43. Bg8 a3 44. g4 Rb2 45. Ke4 a2 46. Bxa2
Rxa2 47. Kxe5 b5 48. f4 b4 49. f5 b3 50. f6 gxf6+ 51. Kxf6 b2 52. g5 b1=Q 53.
g6 Ra6+ 54. Ke5 Qxg6 55. Kd5 Qh5+ 56. Kc4 Ra4+ 57. Kb3 Rh4 58. Kc3 Rxh3+ 59.
Kd4 Rh4+ 60. Ke3 Qe5+ 0-1

[Event "BayJEM19 - U14w"]
[Site "?"]
[Date "2019.04.25"]
[Round "6.5"]
[White "Muhina, Liana"]
[Black "Gao, Yina"]
[Result "0-1"]
[WhiteElo "1291"]
[BlackElo "1228"]
[PlyCount "114"]
[EventDate "2019.??.??"]
[WhiteTeam "SC Garching 1980 e.V."]
[BlackTeam "Schachfreunde Sailauf"]

1. e4 e5 2. Nf3 Nc6 3. d4 exd4 4. Nxd4 Bc5 5. Nxc6 Qf6 6. Qf3 Qxf3 7. gxf3 dxc6
8. Nc3 Bb4 9. Bd2 Be6 10. O-O-O Nf6 11. Rg1 g6 12. a3 Bc5 13. Bf4 Bb6 14. Rh1
O-O 15. e5 Nh5 16. Bh6 Rfd8 17. Re1 Bxf2 18. Re2 Bc5 19. f4 Bf8 20. Bg5 Rd7 21.
Rf2 Be7 22. Bh6 Ng7 23. Bd3 Nf5 24. Bxf5 Bxf5 25. h4 Bg4 26. Ne4 Rad8 27. Rff1
Bxh4 28. Bg5 Bxg5 29. fxg5 Kf8 30. Nf6 Rd4 31. c3 Rd1+ 32. Rxd1 Rxd1+ 33. Rxd1
Bxd1 34. Kxd1 Ke7 35. Ke2 Ke6 36. Nxh7 Kxe5 37. Kf3 Kf5 38. Kg3 b5 39. b4 a6
40. Kf3 Ke5 41. Kg4 Ke4 42. Nf6+ Kd3 43. Kf4 Kxc3 44. Ke5 Kb3 45. Ne8 Kxa3 46.
Kf6 Kxb4 47. Kxf7 c5 48. Kxg6 c4 49. Kf7 c3 50. g6 c2 51. g7 c1=Q 52. g8=Q Qc4+
53. Kf8 Qxg8+ 54. Kxg8 c5 55. Nd6 c4 56. Ne4 c3 57. Nxc3 Kxc3 0-1

[Event "BayJEM19 - U14w"]
[Site "?"]
[Date "2019.04.25"]
[Round "6.6"]
[White "Röll, Lea"]
[Black "Karlinger De la Quintana, Ainhoa"]
[Result "0-1"]
[WhiteElo "1063"]
[BlackElo "1495"]
[PlyCount "96"]
[EventDate "2019.??.??"]
[WhiteTeam "Schach-Club Vaterstetten-Grasbru"]
[BlackTeam "SC Ammersee"]

1. d4 c5 2. c4 cxd4 3. Qxd4 Nc6 4. Qd1 g6 5. Nf3 Bg7 6. e3 d6 7. Bd3 Bg4 8. h3
Bxf3 9. Qxf3 Ne5 10. Qd1 Rc8 11. Qe2 d5 12. Nd2 dxc4 13. Bc2 Nd3+ 14. Bxd3 cxd3
15. Qg4 Qd7 16. Qb4 Nf6 17. O-O O-O 18. Rb1 Rfd8 19. b3 Nd5 20. Qa3 Nc3 21. Rb2
Ne2+ 22. Kh1 Rxc1 23. Rxc1 Nxc1 24. Rb1 Ne2 25. Qxa7 b5 26. Qc5 Qd6 27. Qa7 Nc3
28. Rc1 e6 29. Qa5 Ne2 30. Rd1 Qb8 31. Nb1 Qa8 32. Qxb5 Qxa2 33. Kh2 Qc2 34.
Rf1 Nc3 35. Qa5 Bf6 36. Nxc3 Qxc3 37. Qa2 d2 38. Rd1 Qc1 39. Rxc1 dxc1=Q 40. b4
Rb8 41. Qa4 Qc4 42. Qa7 Qxb4 43. Qc7 Qb2 44. Qd6 Be5+ 45. Qxe5 Qxe5+ 46. g3 Rb1
47. Kg2 Qe4+ 48. Kh2 Qh1# 0-1

[Event "BayJEM19 - U14w"]
[Site "?"]
[Date "2019.04.25"]
[Round "6.7"]
[White "Krause, Ricarda Sophie"]
[Black "Sargsyan, Arusyak"]
[Result "1/2-1/2"]
[WhiteElo "1301"]
[BlackElo "1301"]
[PlyCount "51"]
[EventDate "2019.??.??"]
[WhiteTeam "SC Erlangen 48/88"]
[BlackTeam "SC Schwarz-Weiß Nürnberg Süd e.V"]

1. e4 e5 2. Nf3 Nc6 3. d4 exd4 4. Nxd4 Qf6 5. Nb5 Qd8 6. Bf4 d6 7. N1c3 a6 8.
Nd4 Nxd4 9. Qxd4 Be6 10. Bc4 Rc8 11. O-O-O Bxc4 12. Qxc4 Be7 13. Nd5 f6 14.
Nxe7 Qxe7 15. Qa4+ Qd7 16. Qxd7+ Kxd7 17. Rhe1 Ne7 18. Kb1 Ng6 19. Bg3 Rce8 20.
f4 Kc8 21. Re2 Re7 22. Rde1 Rhe8 23. h4 h5 24. f5 Ne5 25. Bxe5 Rxe5 26. Kc1
1/2-1/2

[Event "BayJEM19 - U14w"]
[Site "?"]
[Date "2019.04.25"]
[Round "6.8"]
[White "Wahl, Svenja"]
[Black "Frowein, Katja"]
[Result "0-1"]
[WhiteElo "899"]
[BlackElo "1129"]
[PlyCount "42"]
[EventDate "2019.??.??"]
[WhiteTeam "Aschaffenburg- Schweinheim e.V."]
[BlackTeam "SC Garching 1980 e.V."]

1. e4 c5 2. Nf3 d6 3. h3 Nf6 4. Nc3 g6 5. Bc4 Bg7 6. e5 dxe5 7. Nxe5 e6 8. Bb5+
Bd7 9. O-O O-O 10. d3 a6 11. Bc4 Nc6 12. Nxc6 Bxc6 13. Bg5 Re8 14. Re1 b5 15.
Bb3 a5 16. a3 Qc7 17. Be3 Rab8 18. Bxc5 Bxg2 19. Bd4 Bxh3 20. Be5 Qb7 21. Bxb8
Qg2# 0-1

[Event "BayJEM19 - U14w"]
[Site "?"]
[Date "2019.04.25"]
[Round "6.9"]
[White "Albayrak, Melissa"]
[Black "Erdösi, Anna"]
[Result "0-1"]
[WhiteElo "1111"]
[BlackElo "1376"]
[PlyCount "52"]
[EventDate "2019.??.??"]
[WhiteTeam "Spvg Zabo-Eintracht Nürnberg e.V"]
[BlackTeam "TV Tegernsee"]

1. e4 c5 2. c3 Nc6 3. Bb5 d6 4. d4 Bd7 5. Nf3 Nf6 6. Qd3 g6 7. Bg5 Bg7 8. Nbd2
O-O 9. O-O a6 10. Bxc6 Bxc6 11. d5 Bd7 12. c4 b5 13. b3 h6 14. Bxf6 Bxf6 15.
Rac1 Qb6 16. Rfe1 Bb2 17. Rc2 Bg7 18. e5 Bf5 19. Ne4 dxe5 20. Qe2 Rfd8 21. Rd1
e6 22. dxe6 Rxd1+ 23. Qxd1 Bxe4 24. exf7+ Kxf7 25. Qd7+ Kg8 26. Rc3 Rd8 0-1

[Event "BayJEM19 - U14w"]
[Site "?"]
[Date "2019.04.26"]
[Round "7.1"]
[White "Alferova, Emily"]
[Black "Adelhardt, Lisa"]
[Result "1/2-1/2"]
[WhiteElo "1328"]
[BlackElo "1658"]
[PlyCount "46"]
[EventDate "2019.??.??"]
[WhiteTeam "SAbt TuS Fürstenfeldbruck"]
[BlackTeam "Schachtreff Röttenbach e.V."]

1. e4 e5 2. Nf3 Nc6 3. Bc4 Nf6 4. d3 Be7 5. c3 O-O 6. O-O d6 7. h3 Na5 8. Bb5
a6 9. Ba4 b5 10. Bc2 c5 11. Nbd2 Nc6 12. Re1 Re8 13. Nf1 Bf8 14. Bg5 h6 15.
Bxf6 Qxf6 16. Ne3 Be6 17. Bb3 Ne7 18. Rc1 Red8 19. Ra1 a5 20. a4 b4 21. c4 Kh7
22. Nh2 Ng6 23. Nhg4 Qe7 1/2-1/2

[Event "BayJEM19 - U14w"]
[Site "?"]
[Date "2019.04.26"]
[Round "7.2"]
[White "Müller, Alina"]
[Black "Albayrak, Nese Pinar"]
[Result "1/2-1/2"]
[WhiteElo "1337"]
[BlackElo "1624"]
[PlyCount "89"]
[EventDate "2019.??.??"]
[WhiteTeam "SC Windischeschenbach"]
[BlackTeam "Spvg Zabo-Eintracht Nürnberg e.V"]

1. e4 e5 2. Nf3 Nc6 3. d3 Nf6 4. c3 Bc5 5. Be2 h6 6. O-O d6 7. b4 Bb6 8. a3 a6
9. Qc2 Ne7 10. Nbd2 Be6 11. Bb2 Ng6 12. d4 c6 13. Rad1 Qe7 14. dxe5 dxe5 15. c4
Bc7 16. c5 O-O 17. Nc4 Bxc4 18. Bxc4 Rad8 19. Rfe1 Rd7 20. Bc3 Rfd8 21. Rxd7
Qxd7 22. Qb2 Qe7 23. Bb3 Nf4 24. Bc2 Nd7 25. Rd1 Ne2+ 26. Kf1 Nxc3 27. Qxc3 Qf6
28. Nd2 b6 29. Nb3 bxc5 30. bxc5 Nf8 31. Rxd8 Qxd8 32. Qd3 Qxd3+ 33. Bxd3 a5
34. a4 Ne6 35. g3 Kf8 36. Ke2 Ke7 37. Ke3 Nxc5 38. Nxc5 Bb6 39. f3 Bxc5+ 40.
Kd2 Bb4+ 41. Kc2 Kd6 42. Bc4 f6 43. Kd3 g5 44. Bf7 Kc5 45. Be8 1/2-1/2

[Event "BayJEM19 - U14w"]
[Site "?"]
[Date "2019.04.26"]
[Round "7.3"]
[White "Reifschneider, Melissa"]
[Black "Gao, Yina"]
[Result "1-0"]
[WhiteElo "1325"]
[BlackElo "1228"]
[PlyCount "119"]
[EventDate "2019.??.??"]
[WhiteTeam "TSV Bindlach Aktionär"]
[BlackTeam "Schachfreunde Sailauf"]

1. d4 Nf6 2. Nc3 e6 3. e4 d6 4. Bd3 Nc6 5. Nf3 Be7 6. Be3 O-O 7. h3 Bd7 8. O-O
h6 9. e5 dxe5 10. dxe5 Nd5 11. Nxd5 exd5 12. Bb5 a6 13. Be2 Be6 14. b3 Ba3 15.
Bd4 Nxd4 16. Nxd4 c6 17. Bg4 Qe7 18. Nxe6 fxe6 19. Qe2 Rae8 20. c4 Qd8 21. Rad1
Bb4 22. Rd3 g6 23. Rg3 g5 24. Bh5 Re7 25. h4 Rg7 26. hxg5 Rxg5 27. Rxg5+ Qxg5
28. Qg4 Qxg4 29. Bxg4 Re8 30. cxd5 cxd5 31. Rc1 Re7 32. g3 Kf7 33. f4 Ba5 34.
Bh5+ Kf8 35. Rc8+ Kg7 36. Bg4 Be1 37. Kg2 Kf7 38. Rc1 Ba5 39. Rh1 Kg7 40. Kf3
Bb6 41. Re1 Kg6 42. Rf1 Bc5 43. Kg2 Bb6 44. Bxe6 Rxe6 45. f5+ Kf7 46. fxe6+
Kxe6 47. Re1 Bd4 48. Rh1 Bxe5 49. Rxh6+ Bf6 50. g4 Kf7 51. Rh7+ Bg7 52. Kf3 Kg6
53. Rh5 Bh6 54. Rxd5 Bg5 55. Rd7 b6 56. Rd6+ Bf6 57. Rxb6 Kg5 58. Rxa6 Bd4 59.
a4 Bc3 60. a5 1-0

[Event "BayJEM19 - U14w"]
[Site "?"]
[Date "2019.04.26"]
[Round "7.4"]
[White "Karlinger De la Quintana, Ainhoa"]
[Black "Nguyen, Anna Ha Chuc An"]
[Result "0-1"]
[WhiteElo "1495"]
[BlackElo "1260"]
[PlyCount "86"]
[EventDate "2019.??.??"]
[WhiteTeam "SC Ammersee"]
[BlackTeam "SC Moosburg 1956 e.V."]

1. c4 Nf6 2. g3 e5 3. Bg2 Bc5 4. e3 d6 5. Ne2 c6 6. O-O O-O 7. Nec3 Bb4 8. d4
Re8 9. Bd2 exd4 10. exd4 Bxc3 11. Nxc3 d5 12. cxd5 cxd5 13. Qb3 Nc6 14. Nxd5
Nxd4 15. Nxf6+ Qxf6 16. Qa4 b5 17. Qd1 Rb8 18. Be3 Nc6 19. Bxc6 Qxc6 20. Bxa7
Ra8 21. Qd4 Bh3 22. f3 Bxf1 23. Rxf1 Qa6 24. Bc5 Qxa2 25. Ba3 Qe6 26. Rc1 Rad8
27. Qf4 Qe5 28. Qxe5 Rxe5 29. Bd6 Rd5 30. Be7 Rd1+ 31. Rxd1 Rxd1+ 32. Kf2 Rd2+
33. Ke3 Rxb2 34. h4 Rg2 35. g4 Rh2 36. h5 Rb2 37. f4 b4 38. Kd3 Rb3+ 39. Kc2
Rf3 40. Bxb4 Rxf4 41. Bd2 Rxg4 42. h6 Rh4 43. hxg7 Kxg7 0-1

[Event "BayJEM19 - U14w"]
[Site "?"]
[Date "2019.04.26"]
[Round "7.5"]
[White "Racky, Selina"]
[Black "Gubler, Katharina"]
[Result "0-1"]
[WhiteElo "1156"]
[BlackElo "1191"]
[PlyCount "116"]
[EventDate "2019.??.??"]
[WhiteTeam "SK Wasserburg"]
[BlackTeam "TSV Kareth-Lappersdorf"]

1. e4 e5 2. Nf3 Nf6 3. Nxe5 d6 4. Nf3 Nxe4 5. d3 Nf6 6. g3 Bg4 7. Bg2 Nc6 8. h3
Bf5 9. Be3 d5 10. d4 Bd6 11. O-O Qd7 12. Kh2 Nb4 13. c3 Nc2 14. Ne5 Bxe5 15.
dxe5 Ng8 16. Bd4 Ne7 17. Na3 Nxa1 18. Qxa1 O-O 19. Qc1 c6 20. h4 Rfe8 21. h5
Bg4 22. Qf4 Bxh5 23. Bh3 Qc7 24. c4 Rad8 25. cxd5 Nxd5 26. Qg5 Bg6 27. f4 h6
28. Qg4 Nf6 29. exf6 Rxd4 30. Bg2 Qd7 31. Qf3 Be4 32. Bh3 Bxf3 33. Bxd7 Rxd7
34. Rxf3 Re2+ 35. Kh3 Rxb2 36. fxg7 Kxg7 37. Nc4 Rxa2 38. Ne5 Rd1 39. Rb3 Rh1+
40. Kg4 h5+ 41. Kg5 f6+ 42. Kf5 fxe5 43. Rxb7+ Kf8 44. fxe5 Rf1+ 45. Ke6 Re2
46. Rxa7 Rfe1 47. Ra5 Kg7 48. Rc5 Kg6 49. Kd6 Kf5 50. e6+ Kf6 51. Rxh5 Rxe6+
52. Kd7 R6e2 53. Rh6+ Kg5 54. Rxc6 Rg1 55. Rc8 Rd1+ 56. Kc7 Rc2+ 57. Kb8 Rb1+
58. Ka8 Ra2# 0-1

[Event "BayJEM19 - U14w"]
[Site "?"]
[Date "2019.04.26"]
[Round "7.6"]
[White "Frowein, Katja"]
[Black "Röll, Lea"]
[Result "0-1"]
[WhiteElo "1129"]
[BlackElo "1063"]
[PlyCount "56"]
[EventDate "2019.??.??"]
[WhiteTeam "SC Garching 1980 e.V."]
[BlackTeam "Schach-Club Vaterstetten-Grasbru"]

1. e4 c6 2. d4 d5 3. exd5 cxd5 4. Bd3 Nc6 5. c3 Nf6 6. Bf4 g6 7. Nf3 Bg4 8.
Nbd2 Bg7 9. O-O O-O 10. h3 Bxf3 11. Nxf3 Nd7 12. Re1 Re8 13. Bc2 Qb6 14. Bb3 e6
15. Qd3 Rac8 16. Rac1 a6 17. a3 Qxb3 18. Rb1 Qb6 19. b4 Na7 20. a4 Qc6 21. b5
axb5 22. axb5 Qxc3 23. Red1 Qxd3 24. Rxd3 Rc4 25. Bd6 Nc8 26. Bb4 Nf6 27. Ne5
Rc2 28. Rdd1 Ne4 0-1

[Event "BayJEM19 - U14w"]
[Site "?"]
[Date "2019.04.26"]
[Round "7.7"]
[White "Erdösi, Anna"]
[Black "Krause, Ricarda Sophie"]
[Result "0-1"]
[WhiteElo "1376"]
[BlackElo "1301"]
[PlyCount "94"]
[EventDate "2019.??.??"]
[WhiteTeam "TV Tegernsee"]
[BlackTeam "SC Erlangen 48/88"]

1. e4 e5 2. Nf3 Nc6 3. d4 exd4 4. Nxd4 Bc5 5. Be3 Qf6 6. c3 Nge7 7. Bb5 O-O 8.
O-O Bb6 9. Nxc6 dxc6 10. Bxb6 cxb6 11. Bd3 Qg6 12. Qf3 c5 13. Qe3 Nc6 14. h3
Ne5 15. Nd2 Rd8 16. Bc2 Rxd2 17. Rad1 Rxd1 18. Rxd1 Be6 19. f4 Nc4 20. Qd3 Qf6
21. e5 Bf5 22. exf6 Bxd3 23. Rxd3 Nxb2 24. Rg3 g6 25. Bb3 Rd8 26. f5 c4 27. Bc2
Kf8 28. fxg6 fxg6 29. Kh2 Kf7 30. Rf3 Rd6 31. Be4 Rxf6 32. Bxb7 Rxf3 33. Bxf3
Kf6 34. Be4 Nd1 35. Bd5 b5 36. Bc6 Nxc3 37. a3 Ke5 38. Kg3 a5 39. Kf3 Kd4 40.
g4 b4 41. axb4 axb4 42. h4 b3 43. h5 g5 44. Bd7 b2 45. Bf5 b1=Q 46. Bxb1 Nxb1
47. Ke2 Kc3 0-1

[Event "BayJEM19 - U14w"]
[Site "?"]
[Date "2019.04.26"]
[Round "7.8"]
[White "Sargsyan, Arusyak"]
[Black "Albayrak, Melissa"]
[Result "1-0"]
[WhiteElo "1301"]
[BlackElo "1111"]
[PlyCount "103"]
[EventDate "2019.??.??"]
[WhiteTeam "SC Schwarz-Weiß Nürnberg Süd e.V"]
[BlackTeam "Spvg Zabo-Eintracht Nürnberg e.V"]

1. e4 e5 2. Nf3 Nc6 3. Bb5 Bc5 4. d3 Nf6 5. O-O d6 6. Bxc6+ bxc6 7. h3 O-O 8.
Bg5 Re8 9. Re1 Bb4 10. Nbd2 Bxd2 11. Qxd2 Re6 12. Qc3 Qe8 13. Rad1 Nd7 14. Qxc6
Nb6 15. Qxc7 Bd7 16. Rd2 Bc6 17. Be3 h6 18. Bxb6 axb6 19. Qxb6 Rxa2 20. Qb3 Ra6
21. Rde2 Ba4 22. Qa2 Qc6 23. Qc4 Qb6 24. b3 Bb5 25. Qc3 Bc6 26. Qb2 Ba4 27. Ra1
Rf6 28. c4 Bxb3 29. Rxa6 Qxa6 30. Qxb3 Qa1+ 31. Re1 Qa5 32. Rd1 Qc5 33. Rd2 g5
34. Qc3 Rf4 35. d4 exd4 36. Qxd4 Qxd4 37. Rxd4 Kg7 38. Nd2 Rf6 39. f3 h5 40.
Nb1 Kg6 41. Nc3 g4 42. hxg4 hxg4 43. Kf2 gxf3 44. gxf3 Kg7 45. Nb5 Kf8 46. Rxd6
Rxd6 47. Nxd6 Ke7 48. Nxf7 Kxf7 49. Ke3 Ke7 50. f4 Ke6 51. f5+ Kf6 52. c5 1-0

[Event "BayJEM19 - U14w"]
[Site "?"]
[Date "2019.04.26"]
[Round "7.9"]
[White "Muhina, Liana"]
[Black "Wahl, Svenja"]
[Result "1/2-1/2"]
[WhiteElo "1291"]
[BlackElo "899"]
[PlyCount "96"]
[EventDate "2019.??.??"]
[WhiteTeam "SC Garching 1980 e.V."]
[BlackTeam "Aschaffenburg- Schweinheim e.V."]

1. e4 e5 2. Nf3 Nc6 3. d4 exd4 4. Nxd4 Nf6 5. Nc3 Bc5 6. Nxc6 bxc6 7. Bg5 Be7
8. Bd3 d6 9. h3 h6 10. Bh4 Nd7 11. Bg3 Bf6 12. O-O Nc5 13. Re1 Bh4 14. Re3 O-O
15. Qh5 Bg5 16. Ree1 g6 17. Qf3 Qf6 18. Qxf6 Bxf6 19. e5 dxe5 20. Bxe5 Bxe5 21.
Rxe5 Nxd3 22. cxd3 Ba6 23. Rc5 Bxd3 24. Rxc6 Rac8 25. Rc1 Rfd8 26. Rc5 c6 27.
Re1 Kg7 28. Ne2 Re8 29. Kf1 Kf6 30. Rc3 Bb5 31. a4 Bxa4 32. Ra3 Bb5 33. Rxa7
Re7 34. Rxe7 Kxe7 35. Kg1 Bxe2 36. Rxe2+ Kd6 37. Kf1 Kd5 38. Rc2 c5 39. Ke2
Re8+ 40. Kd3 Rc8 41. b3 Rc6 42. Rc3 f6 43. h4 f5 44. g3 g5 45. hxg5 hxg5 46. f3
g4 47. f4 Rc7 48. Rc2 Rc6 1/2-1/2